[Event "EUR-ch U14 w"]
[Site "Batumi GEO"]
[Date "2014.10.23"]
[Round "5"]
[White "Napishvili, Mariam"]
[Black "Vavrinkova, Eliska"]
[Result "0-1"]
[WhiteElo "1298"]
[BlackElo "1495"]
[PlyCount "118"]
[EventDate "2014.10.19"]
[EventType "swiss"]
[EventRounds "9"]
[EventCountry "CAN"]
[Source "Chessbase"]
[SourceDate "2015.02.06"]

1. e4 d5 2. exd5 Qxd5 3. Nc3 Qd6 4. d4 c6 5. h3 Nf6 6. Nf3 Bf5 7. Be2 e6 8. Be3
Nbd7 9. Qd2 Qc7 10. a3 Bd6 11. Bd3 Bxd3 12. Qxd3 h6 13. O-O O-O 14. Rfe1 Rfe8
15. Kh1 Nb6 16. Rad1 Rad8 17. Qf1 Nbd5 18. Nxd5 Nxd5 19. Rd3 Be7 20. Red1 Bf6
21. c3 Rd7 22. Bc1 Red8 23. Qe1 Nb6 24. b3 c5 25. Qe4 c4 26. bxc4 Nxc4 27. Nd2
Nxd2 28. R1xd2 b5 29. Rd1 Rd5 30. Bf4 Qa5 31. Rg1 Rc8 32. Rc1 Rc4 33. Rg3 Bg5
34. Bxg5 hxg5 35. Qe1 Qxa3 36. Ra1 Qe7 37. Qe3 b4 38. Qd2 b3 39. Rb1 Rb5 40.
Qd3 Qc7 41. Rb2 a6 42. Qf3 Ra4 43. Qa8+ Qb8 44. Qxb8+ Rxb8 45. c4 Rxc4 46.
Rgxb3 Rxb3 47. Rxb3 Rxd4 48. Ra3 Rd6 49. Kg1 Kf8 50. Kf1 Ke7 51. Ke2 Kd7 52.
Ke3 Kc7 53. Ke4 Kb6 54. Ke5 Rd5+ 55. Ke4 a5 56. Rf3 f5+ 57. Ke3 a4 58. g4 a3
59. gxf5 a2 0-1

[Event "EUR-ch U14 w"]
[Site "Batumi GEO"]
[Date "2014.10.23"]
[Round "5"]
[White "Olde, Margareth"]
[Black "Gorovenko, Darya"]
[Result "1/2-1/2"]
[WhiteElo "1773"]
[BlackElo "2033"]
[PlyCount "122"]
[EventDate "2014.10.19"]
[EventType "swiss"]
[EventRounds "9"]
[EventCountry "CAN"]
[Source "Chessbase"]
[SourceDate "2015.02.06"]

1. c4 e5 2. Nc3 Nf6 3. g3 d5 4. cxd5 Nxd5 5. Bg2 Nb6 6. Nf3 Nc6 7. O-O Be7 8.
d3 Be6 9. a3 O-O 10. b4 f6 11. Bb2 a5 12. b5 Nd4 13. Nxd4 exd4 14. Na4 Bd5 15.
Nxb6 cxb6 16. Qa4 Bxg2 17. Kxg2 Qd5+ 18. Kg1 Rad8 19. Rfd1 Kh8 20. Rac1 Bc5 21.
Rd2 f5 22. Qd1 f4 23. Rc4 fxg3 24. hxg3 Rd6 25. Qf1 Rdf6 26. Rd1 R6f7 27. Bc1
Bd6 28. f4 g5 29. Qg2 Qxb5 30. Qe4 gxf4 31. Rf1 Qe5 32. Bxf4 Qxe4 33. dxe4 Bxf4
34. Rxf4 Rxf4 35. gxf4 Rxf4 36. Rxd4 Kg7 37. Rd7+ Rf7 38. Rd5 Kg6 39. Rd6+ Rf6
40. Rd7 Kg5 41. Rxh7 Kf4 42. Re7 Ke3 43. e5 Rc6 44. Kf1 Rc1+ 45. Kg2 Kxe2 46.
Rd7 Rc3 47. Rxb7 Re3 48. Rxb6 Rxe5 49. Rb3 Rg5+ 50. Rg3 Rf5 51. Rb3 Rf4 52. Rh3
a4 53. Rg3 Kd2 54. Rf3 Rh4 55. Kf2 Kc2 56. Ke2 Rh2+ 57. Ke1 Rg2 58. Rh3 Rg1+
59. Ke2 Ra1 60. Rg3 Ra2 61. Ke1 Kc1 1/2-1/2

[Event "EUR-ch U14 w"]
[Site "Batumi GEO"]
[Date "2014.10.23"]
[Round "5"]
[White "Parol, Pola"]
[Black "Gharibyan, Mane"]
[Result "0-1"]
[WhiteElo "1775"]
[BlackElo "1617"]
[PlyCount "79"]
[EventDate "2014.10.19"]
[EventType "swiss"]
[EventRounds "9"]
[EventCountry "CAN"]
[Source "Chessbase"]
[SourceDate "2015.02.06"]

1. e4 c5 2. Nf3 d6 3. d4 cxd4 4. Nxd4 Nf6 5. Nc3 a6 6. Be3 e6 7. g4 b5 8. g5
Nfd7 9. Qd2 Bb7 10. f3 b4 11. Nce2 d5 12. Ng3 dxe4 13. fxe4 Nc6 14. Nxc6 Bxc6
15. O-O-O Be7 16. h4 a5 17. Nh5 g6 18. Nf4 a4 19. Kb1 b3 20. Bd3 Ne5 21. Qc3
Qa5 22. Qxa5 Rxa5 23. Bd4 Nxd3 24. cxd3 O-O 25. Bc3 Ra7 26. a3 Rd7 27. Rhe1
Rfd8 28. Ba5 Ra8 29. Bb6 Rb8 30. Bg1 e5 31. Ne2 Rbd8 32. Nc1 Bb5 33. Bb6 Rb8
34. Ba5 Bc5 35. Bc3 Bd4 36. Ne2 Rbd8 37. Ba5 Ra8 38. Bc3 Rc8 39. Bb4 Rdc7 40.
Ba5 0-1

[Event "EUR-ch U14 w"]
[Site "Batumi GEO"]
[Date "2014.10.23"]
[Round "5"]
[White "Prakapuk, Vera"]
[Black "Janiashvili, Mariami"]
[Result "1-0"]
[WhiteElo "1817"]
[BlackElo "1679"]
[PlyCount "147"]
[EventDate "2014.10.19"]
[EventType "swiss"]
[EventRounds "9"]
[EventCountry "CAN"]
[Source "Chessbase"]
[SourceDate "2015.02.06"]

1. e4 d5 2. exd5 Qxd5 3. Nc3 Qa5 4. d4 Nf6 5. Nf3 Bg4 6. h3 Bh5 7. g4 Bg6 8.
Ne5 e6 9. Bd2 c6 10. Qe2 Nbd7 11. O-O-O Nd5 12. Nxg6 hxg6 13. Kb1 O-O-O 14. Bg2
Qb6 15. Nxd5 cxd5 16. Qf3 Nf6 17. Qc3+ Kb8 18. g5 Rc8 19. Bf4+ Bd6 20. Qg3 Ne8
21. Be5 Ka8 22. Rd3 f6 23. gxf6 gxf6 24. Rb3 Qd8 25. Bxd6 Nxd6 26. Rd1 Nf5 27.
Qd3 Qc7 28. Qe2 Qc4 29. Qxc4 Rxc4 30. Rbd3 Kb8 31. c3 Kc7 32. Rg1 Kd6 33. Bf1
Rh6 34. Rd2 Rc8 35. Be2 Ne7 36. Rd3 Rch8 37. Bf1 Nf5 38. Rd2 Kd7 39. b3 Nd6 40.
Kb2 Ne4 41. Rc2 Ng5 42. Bg2 Kd6 43. Re2 Nxh3 44. Bxh3 Rxh3 45. Rxg6 R8h6 46.
Rg7 Rh7 47. Rg6 R3h6 48. Rg8 Rh8 49. Rg3 Rh3 50. Ree3 Rxg3 51. Rxg3 Rh2 52. Rf3
Ke7 53. Ka3 e5 54. Kb4 e4 55. Rf4 e3 56. fxe3 Rxa2 57. e4 dxe4 58. Rxe4+ Kd7
59. c4 Ra6 60. d5 Rb6+ 61. Kc3 f5 62. Rf4 Rf6 63. Kd4 b5 64. Ke5 Rh6 65. Rxf5
Rh3 66. Rf7+ Ke8 67. Rxa7 Rxb3 68. c5 b4 69. Rb7 Rc3 70. Kd6 b3 71. c6 Rh3 72.
Rb8+ Kf7 73. c7 Rh6+ 74. Kd7 1-0

[Event "EUR-ch U14 w"]
[Site "Batumi GEO"]
[Date "2014.10.23"]
[Round "5"]
[White "Samchenko, Serafima"]
[Black "Shafigullina, Zarina"]
[Result "0-1"]
[WhiteElo "1637"]
[BlackElo "1774"]
[PlyCount "66"]
[EventDate "2014.10.19"]
[EventType "swiss"]
[EventRounds "9"]
[EventCountry "CAN"]
[Source "Chessbase"]
[SourceDate "2015.02.06"]

1. e4 c5 2. Nf3 Nc6 3. c3 d5 4. exd5 Qxd5 5. d4 Nf6 6. Be2 e6 7. O-O a6 8. Bd3
Be7 9. c4 Qd8 10. dxc5 Bxc5 11. Bg5 O-O 12. Nc3 h6 13. Bh4 Be7 14. Qe2 Nh7 15.
Rad1 Qe8 16. Bxe7 Qxe7 17. Bxh7+ Kxh7 18. Ne4 f5 19. Nd6 e5 20. Nxc8 Raxc8 21.
Qc2 e4 22. Nd4 Ne5 23. b3 Nd3 24. f3 Qc5 25. Rxd3 exd3 26. Qxd3 Rcd8 27. Rd1
Rd6 28. b4 Qe5 29. Kf2 Rfd8 30. Qe3 Qf6 31. Nxf5 Qxf5 32. Re1 Qc2+ 33. Re2 Rd2
0-1

[Event "EUR-ch U14 w"]
[Site "Batumi GEO"]
[Date "2014.10.23"]
[Round "5"]
[White "Sargsyan, Anna M"]
[Black "Vrtiakova, Anna"]
[Result "1-0"]
[WhiteElo "1705"]
[BlackElo "1966"]
[PlyCount "73"]
[EventDate "2014.10.19"]
[EventType "swiss"]
[EventRounds "9"]
[EventCountry "CAN"]
[Source "Chessbase"]
[SourceDate "2015.02.06"]

1. e4 c5 2. Nc3 Nc6 3. g3 g6 4. Bg2 Bg7 5. d3 e6 6. Be3 d6 7. Qd2 a6 8. Nge2
Qc7 9. O-O Nge7 10. Nc1 O-O 11. Bh6 b5 12. Bxg7 Kxg7 13. f4 Bb7 14. Nd1 f5 15.
Ne3 Rae8 16. c3 e5 17. Ne2 Bc8 18. Rad1 Rd8 19. Kh1 Be6 20. d4 exd4 21. cxd4 d5
22. exf5 gxf5 23. dxc5 d4 24. Nc2 d3 25. Qc3+ Rf6 26. Ned4 Nxd4 27. Nxd4 Bxa2
28. Ra1 Bc4 29. Rxa6 Rdf8 30. b3 Bg8 31. Nxb5 Qc8 32. Rxf6 Rxf6 33. Nd6 Qd8 34.
Qxd3 Qb8 35. Re1 Kf8 36. Qd4 Rg6 37. b4 1-0

[Event "EUR-ch U14 w"]
[Site "Batumi GEO"]
[Date "2014.10.23"]
[Round "5"]
[White "Shuvalova, Polina"]
[Black "Kochukova, Anna"]
[Result "1/2-1/2"]
[WhiteElo "2142"]
[BlackElo "1904"]
[PlyCount "83"]
[EventDate "2014.10.19"]
[EventType "swiss"]
[EventRounds "9"]
[EventCountry "CAN"]
[Source "Chessbase"]
[SourceDate "2015.02.06"]

1. e4 e5 2. d4 exd4 3. Qxd4 Nc6 4. Qe3 d6 5. Nc3 Nf6 6. Bd2 Be6 7. Nd5 Be7 8.
Nxe7 Qxe7 9. O-O-O d5 10. exd5 Nxd5 11. Qg3 O-O-O 12. Ne2 Qc5 13. Nc3 Ncb4 14.
a3 Nxc3 15. axb4 Na2+ 16. Kb1 Nxb4 17. Qc3 Qxc3 18. bxc3 Nd5 19. Bd3 Rd6 20. c4
Rb6+ 21. Kc1 Nb4 22. Be3 Ra6 23. Kb2 Rd8 24. Kb3 Nxd3 25. cxd3 Rad6 26. Kc3 Bf5
27. d4 Rg6 28. Rhg1 Ra6 29. Ra1 Rdd6 30. h3 Kd8 31. d5 Rxa1 32. Rxa1 a6 33. f3
f6 34. g4 Bg6 35. h4 Kc8 36. h5 Bf7 37. h6 g6 38. Bc5 Rd7 39. Re1 b6 40. Be7 f5
41. gxf5 gxf5 42. Re5 1/2-1/2

[Event "EUR-ch U14 w"]
[Site "Batumi GEO"]
[Date "2014.10.23"]
[Round "5"]
[White "Sieber, Fiona"]
[Black "Kalaiyalahan, Akshaya"]
[Result "1-0"]
[WhiteElo "1955"]
[BlackElo "2052"]
[PlyCount "67"]
[EventDate "2014.10.19"]
[EventType "swiss"]
[EventRounds "9"]
[EventCountry "CAN"]
[Source "Chessbase"]
[SourceDate "2015.02.06"]

1. e4 c5 2. Nf3 Nc6 3. d4 cxd4 4. Nxd4 g6 5. c4 Nf6 6. Nc3 Nxd4 7. Qxd4 d6 8.
Bg5 Bg7 9. Be2 O-O 10. Qd2 Bd7 11. O-O Bc6 12. f3 a5 13. Kh1 a4 14. Rfe1 Qa5
15. Rab1 Rfc8 16. Bf1 Re8 17. Qc1 Rac8 18. b4 axb3 19. axb3 Ng4 20. Bd2 Nf2+
21. Kg1 Bd4 22. Re3 f5 23. g3 e5 24. Nd5 Qd8 25. Bc3 Bxd5 26. exd5 Bb6 27. Kg2
f4 28. Re2 Nd3 29. Qd2 Nc5 30. gxf4 exf4 31. Rxe8+ Qxe8 32. Qxf4 Qd7 33. Qf6
Ba7 34. Re1 1-0

[Event "EUR-ch U14 w"]
[Site "Batumi GEO"]
[Date "2014.10.23"]
[Round "5"]
[White "Skaslien, Maria"]
[Black "Jablonskaja, Anastasija"]
[Result "1-0"]
[WhiteElo "1460"]
[BlackElo "1356"]
[PlyCount "92"]
[EventDate "2014.10.19"]
[EventType "swiss"]
[EventRounds "9"]
[EventCountry "CAN"]
[Source "Chessbase"]
[SourceDate "2015.02.06"]

1. e4 e5 2. Nc3 Nf6 3. f4 d5 4. Nf3 Bg4 5. h3 Bxf3 6. Qxf3 a6 7. d3 Nc6 8. Be3
g6 9. Be2 Bg7 10. O-O exf4 11. Qxf4 O-O 12. Qg3 Nd7 13. h4 Nb4 14. Bd1 Be5 15.
Qh3 Nc6 16. h5 Qe7 17. Nxd5 Qd8 18. c3 Ne7 19. Nxe7+ Qxe7 20. d4 Bg7 21. h6 Bf6
22. Bc2 Nb6 23. Bd3 Bg5 24. Rab1 Bxe3+ 25. Qxe3 f5 26. Qf3 fxe4 27. Qxe4 Qxe4
28. Bxe4 a5 29. Rxf8+ Rxf8 30. Bf3 c6 31. b3 g5 32. Re1 Nd7 33. Re7 Rf7 34.
Re8+ Nf8 35. Re5 Rf6 36. Rxg5+ Rg6 37. Rxg6+ Nxg6 38. Bg4 Ne7 39. Be6+ Kf8 40.
Kf2 b6 41. Kg3 b5 42. Kg4 Ng6 43. Bf5 Kf7 44. Kg5 Nf8 45. g4 Ne6+ 46. Bxe6+
Kxe6 1-0

[Event "EUR-ch U14 w"]
[Site "Batumi GEO"]
[Date "2014.10.23"]
[Round "5"]
[White "Tishova, Svetlana"]
[Black "Jalaghonia, Nino"]
[Result "0-1"]
[WhiteElo "2035"]
[BlackElo "1887"]
[PlyCount "88"]
[EventDate "2014.10.19"]
[EventType "swiss"]
[EventRounds "9"]
[EventCountry "CAN"]
[Source "Chessbase"]
[SourceDate "2015.02.06"]

1. e4 c5 2. Nf3 g6 3. d4 cxd4 4. Qxd4 Nf6 5. Nc3 Nc6 6. Qa4 d6 7. e5 dxe5 8.
Nxe5 Bd7 9. Nxd7 Qxd7 10. Be3 Bg7 11. Be2 O-O 12. O-O Rfc8 13. Rad1 Qe8 14. Bf3
a6 15. Ne2 e5 16. g3 e4 17. Bg2 b5 18. Qb3 Na5 19. Qb4 Nc4 20. Bc1 a5 21. Qe1
Ra6 22. Nd4 Rd6 23. b3 Ne5 24. Qxa5 Rcd8 25. c3 Nf3+ 26. Bxf3 exf3 27. Rde1 Qd7
28. Nxf3 Qb7 29. Nd4 Rd5 30. Qb4 Bf8 31. Nc6 Bxb4 32. Nxd8 Rxd8 33. cxb4 Qd5
34. Bf4 Ne4 35. Rc1 g5 36. Be3 g4 37. Rc7 Nd2 38. Bxd2 Qxd2 39. Rc5 Qxb4 40.
Rfc1 Rd2 41. a4 bxa4 42. bxa4 Qxa4 43. R5c4 Rd1+ 44. Kg2 Qa8+ 0-1

[Event "EUR-ch U14 w"]
[Site "Batumi GEO"]
[Date "2014.10.23"]
[Round "5"]
[White "Vuller, Victoria"]
[Black "Ismayilova, Aysu"]
[Result "0-1"]
[WhiteElo "1271"]
[BlackElo "1453"]
[PlyCount "70"]
[EventDate "2014.10.19"]
[EventType "swiss"]
[EventRounds "9"]
[EventCountry "CAN"]
[Source "Chessbase"]
[SourceDate "2015.02.06"]

1. e4 c5 2. Nc3 Nc6 3. f4 e6 4. g3 d5 5. d3 Nge7 6. Bg2 g6 7. Nf3 Bg7 8. Bd2
O-O 9. O-O Qb6 10. Na4 Qb5 11. Nc3 Qa6 12. Kh1 Nd4 13. Nxd4 Bxd4 14. exd5 exd5
15. Nxd5 Nxd5 16. Bxd5 Bxb2 17. Rb1 Bg7 18. Qf3 Rb8 19. Rfe1 b6 20. Re7 Bf6 21.
Bc4 Bb7 22. Rxb7 Qxb7 23. Bd5 Qc7 24. f5 g5 25. Qh5 Qd8 26. a4 Re8 27. Re1 Kg7
28. h4 h6 29. hxg5 hxg5 30. Kg2 Rh8 31. Qg4 Kf8 32. Bc6 Qd4 33. Qe2 Kg7 34. c3
Qd6 35. Bf3 Rh6 0-1

[Event "EUR-ch U14 w"]
[Site "Batumi GEO"]
[Date "2014.10.23"]
[Round "5"]
[White "Vuller, Victoria"]
[Black "Jacobsen, Elise Sjottem"]
[Result "0-1"]
[WhiteElo "1271"]
[BlackElo "1685"]
[PlyCount "50"]
[EventDate "2014.10.19"]
[EventType "swiss"]
[EventRounds "9"]
[EventCountry "CAN"]
[Source "Chessbase"]
[SourceDate "2015.02.06"]

1. e4 c5 2. Nf3 d6 3. d4 cxd4 4. Nxd4 Nf6 5. Nc3 g6 6. Be3 Bg7 7. f3 O-O 8. Qd2
Nc6 9. Bc4 Bd7 10. O-O-O Rc8 11. Bb3 Ne5 12. h4 h5 13. Bh6 Nc4 14. Bxc4 Rxc4
15. Kb1 Rxd4 16. Qxd4 Bxh6 17. Nd5 Nxd5 18. Qxd5 Qb6 19. g3 Rc8 20. f4 Bg7 21.
e5 Bc6 22. Qd3 Bxh1 23. Rxh1 dxe5 24. b3 exf4 25. gxf4 Qf6 0-1

[Event "EUR-ch U14 w"]
[Site "Batumi GEO"]
[Date "2014.10.24"]
[Round "6"]
[White "Adamyan, Mane"]
[Black "Kalaiyalahan, Akshaya"]
[Result "1-0"]
[WhiteElo "1811"]
[BlackElo "2052"]
[PlyCount "98"]
[EventDate "2014.10.19"]
[EventType "swiss"]
[EventRounds "9"]
[EventCountry "CAN"]
[Source "Chessbase"]
[SourceDate "2015.02.06"]

1. Nf3 Nf6 2. c4 g6 3. Nc3 Bg7 4. d4 O-O 5. e4 d6 6. Be2 e5 7. O-O Nc6 8. d5
Ne7 9. Ne1 Ne8 10. Nd3 f5 11. Bd2 Nf6 12. f3 f4 13. c5 g5 14. cxd6 cxd6 15. Nf2
h5 16. h3 Ng6 17. Qc2 Ne8 18. Rfc1 Nh4 19. Be1 Bh6 20. Rd1 Rf7 21. a4 Nf6 22.
Nd3 Ng6 23. Nf2 Rg7 24. Rd3 Nh8 25. Nb5 a6 26. Na3 g4 27. hxg4 hxg4 28. fxg4
Nxg4 29. Bxg4 Bxg4 30. Nxg4 Rxg4 31. a5 Rc8 32. Rc3 Rxc3 33. Qxc3 Qg5 34. Qf3
Nf7 35. Rc1 Rxg2+ 36. Qxg2 Qxg2+ 37. Kxg2 f3+ 38. Kxf3 Bxc1 39. Bh4 Bxb2 40.
Nc4 Bd4 41. Be7 Bc5 42. Kg4 Bb4 43. Kf5 Nh6+ 44. Ke6 Nf7 45. Nxd6 Nxd6 46. Bxd6
Bxa5 47. Bxe5 b5 48. d6 b4 49. Ke7 b3 1-0

[Event "EUR-ch U14 w"]
[Site "Batumi GEO"]
[Date "2014.10.24"]
[Round "6"]
[White "Afonasieva, Anna"]
[Black "Prakapuk, Vera"]
[Result "0-1"]
[WhiteElo "1956"]
[BlackElo "1817"]
[PlyCount "62"]
[EventDate "2014.10.19"]
[EventType "swiss"]
[EventRounds "9"]
[EventCountry "CAN"]
[Source "Chessbase"]
[SourceDate "2015.02.06"]

1. d4 d5 2. Nf3 Nf6 3. c4 c6 4. Nbd2 Bf5 5. Nh4 Bd7 6. e3 e6 7. Nhf3 c5 8. cxd5
exd5 9. dxc5 Bxc5 10. Bd3 Nc6 11. a3 Bd6 12. O-O O-O 13. Bc2 Rc8 14. e4 Ne5 15.
exd5 Qc7 16. Nd4 Neg4 17. N2f3 Nxh2 18. Nxh2 Bxh2+ 19. Kh1 Be5 20. Ba4 Bxa4 21.
Qxa4 Nxd5 22. Nf5 Ne7 23. Nxe7+ Qxe7 24. Rb1 b5 25. Qe4 Rc4 26. Qf3 Rh4+ 27.
Kg1 Bh2+ 28. Kh1 Bg3+ 29. Kg1 Bh2+ 30. Kh1 Bg3+ 31. Kg1 Rh1+ 0-1

[Event "EUR-ch U14 w"]
[Site "Batumi GEO"]
[Date "2014.10.24"]
[Round "6"]
[White "Aksoy, Ayca"]
[Black "Gajcin, Marina"]
[Result "0-1"]
[WhiteElo "1778"]
[BlackElo "2017"]
[PlyCount "76"]
[EventDate "2014.10.19"]
[EventType "swiss"]
[EventRounds "9"]
[EventCountry "CAN"]
[Source "Chessbase"]
[SourceDate "2015.02.06"]

1. Nf3 Nf6 2. d4 g6 3. c4 Bg7 4. g3 c6 5. Bg2 d5 6. cxd5 cxd5 7. O-O O-O 8. Nc3
Nc6 9. Bf4 Bf5 10. Rc1 Rc8 11. h3 Ne4 12. e3 Nxc3 13. Rxc3 Qd7 14. g4 Be4 15.
Qa4 e5 16. dxe5 Nxe5 17. Qxd7 Nxd7 18. Rb3 Nc5 19. Rb4 b6 20. Ne1 Rfd8 21. f3
Bd3 22. Nxd3 Nxd3 23. Ra4 Nxf4 24. exf4 a5 25. b3 Bc3 26. Rd1 b5 27. Rad4 Bxd4+
28. Rxd4 b4 29. Rd2 Rc3 30. Kf2 Rdc8 31. Ke1 Rc1+ 32. Ke2 R8c2 33. Rxc2 Rxc2+
34. Kf1 Rxa2 35. f5 a4 36. f4 axb3 37. Bxd5 Ra1+ 38. Ke2 b2 0-1

[Event "EUR-ch U14 w"]
[Site "Batumi GEO"]
[Date "2014.10.24"]
[Round "6"]
[White "Balajayeva, Khanim"]
[Black "Olde, Margareth"]
[Result "1/2-1/2"]
[WhiteElo "1856"]
[BlackElo "1773"]
[PlyCount "82"]
[EventDate "2014.10.19"]
[EventType "swiss"]
[EventRounds "9"]
[EventCountry "CAN"]
[Source "Chessbase"]
[SourceDate "2015.02.06"]

1. e4 c5 2. c3 g6 3. d4 cxd4 4. cxd4 d5 5. Nc3 dxe4 6. Bc4 Bg7 7. Qb3 e6 8. d5
exd5 9. Bxd5 Qe7 10. Nxe4 Nf6 11. Bg5 Nbd7 12. Ne2 O-O 13. O-O h6 14. Bxf6 Nxf6
15. Nxf6+ Qxf6 16. Nc3 Rb8 17. Rfe1 b5 18. Rad1 Bf5 19. Re2 a6 20. Ne4 Bxe4 21.
Bxe4 Rbd8 22. Bd5 Rde8 23. Red2 Re7 24. Qf3 Rfe8 25. g3 Re1+ 26. Kg2 Qxf3+ 27.
Bxf3 Rxd1 28. Bxd1 Bf8 29. Bb3 Kg7 30. Rd7 Re7 31. Rxe7 Bxe7 32. Bd5 f5 33. f4
Kf6 34. h4 Bc5 35. Kf3 a5 36. b3 a4 37. bxa4 bxa4 38. a3 Bxa3 39. Bc6 Bb4 40.
Bxa4 Ke6 41. Bb3+ Kf6 1/2-1/2

[Event "EUR-ch U14 w"]
[Site "Batumi GEO"]
[Date "2014.10.24"]
[Round "6"]
[White "Erseki, Tamara"]
[Black "Karimzada, Narmin Niyazi"]
[Result "0-1"]
[WhiteElo "1863"]
[BlackElo "1679"]
[PlyCount "79"]
[EventDate "2014.10.19"]
[EventType "swiss"]
[EventRounds "9"]
[EventCountry "CAN"]
[Source "Chessbase"]
[SourceDate "2015.02.06"]

1. e4 c5 2. Nf3 Nc6 3. d4 cxd4 4. Nxd4 e5 5. Nb5 a6 6. Nd6+ Bxd6 7. Qxd6 Qe7 8.
Qxe7+ Ngxe7 9. Nc3 d5 10. Bd2 Be6 11. exd5 Nxd5 12. O-O-O O-O-O 13. Ne4 f6 14.
Bc4 Nc7 15. Bd3 Bxa2 16. b3 Bxb3 17. Bxa6 Nxa6 18. cxb3 Rd4 19. Rhe1 Rhd8 20.
Bc3 Rxd1+ 21. Rxd1 Rxd1+ 22. Kxd1 Kd7 23. Kd2 f5 24. Ng5 h6 25. Nf3 Ke6 26. Ke3
Nc5 27. Nd2 g5 28. g3 Ne7 29. Bb2 Kd5 30. f3 Nc6 31. Bc3 b5 32. f4 b4 33. Ba1
gxf4+ 34. gxf4 e4 35. Bg7 h5 36. Bf8 Ne6 37. Bh6 Ncd4 38. h4 Nc2+ 39. Ke2 Ned4+
40. Kf1 0-1

[Event "EUR-ch U14 w"]
[Site "Batumi GEO"]
[Date "2014.10.24"]
[Round "6"]
[White "Gailiunaite, Saule"]
[Black "Ivanyan, Ani"]
[Result "0-1"]
[WhiteElo "1653"]
[BlackElo "1589"]
[PlyCount "62"]
[EventDate "2014.10.19"]
[EventType "swiss"]
[EventRounds "9"]
[EventCountry "CAN"]
[Source "Chessbase"]
[SourceDate "2015.02.06"]

1. d4 d5 2. c4 dxc4 3. e4 e5 4. Nf3 exd4 5. Bxc4 Nc6 6. O-O Be6 7. Bxe6 fxe6 8.
Qb3 Qd7 9. Qxb7 Rb8 10. Qa6 Nf6 11. Nbd2 Bb4 12. Qd3 Bxd2 13. Nxd2 Nb4 14. Qg3
O-O 15. e5 Nfd5 16. Nb3 Ne7 17. Rd1 Nf5 18. Qg4 Nc2 19. Rb1 Qa4 20. Bg5 Rb4 21.
Bd2 Rb5 22. Nc1 Na3 23. b3 Qa6 24. Rb2 Nc4 25. Rc2 Nxd2 26. Rdxd2 Rxe5 27. Qd1
Re8 28. Ne2 Ne7 29. g4 Nd5 30. Rxd4 Rf8 31. Ra4 Qb6 0-1

[Event "EUR-ch U14 w"]
[Site "Batumi GEO"]
[Date "2014.10.24"]
[Round "6"]
[White "Garcia Martin, Marta"]
[Black "Ayazmali, Gizem"]
[Result "0-1"]
[WhiteElo "2027"]
[BlackElo "1745"]
[PlyCount "168"]
[EventDate "2014.10.19"]
[EventType "swiss"]
[EventRounds "9"]
[EventCountry "CAN"]
[Source "Chessbase"]
[SourceDate "2015.02.06"]

1. e4 d5 2. exd5 Qxd5 3. Nc3 Qd6 4. d4 g6 5. Nf3 Bg7 6. Be2 Nf6 7. Nb5 Qb6 8.
c4 c6 9. Nc3 O-O 10. O-O Rd8 11. Na4 Qc7 12. Qb3 Bg4 13. Be3 Nbd7 14. h3 Bxf3
15. Bxf3 e5 16. dxe5 Nxe5 17. Be2 Ne4 18. Rfd1 Nd6 19. g4 Nexc4 20. Bxc4 Nxc4
21. Qxc4 b5 22. Bf4 Qe7 23. Rxd8+ Qxd8 24. Qxc6 bxa4 25. Qxa4 Bxb2 26. Rd1 Qf6
27. Rd7 Re8 28. Rxa7 Re1+ 29. Kg2 Bd4 30. Rd7 Bc5 31. Bg3 Re2 32. Qa8+ Kg7 33.
Qf3 Qxf3+ 34. Kxf3 Rxa2 35. g5 Kf8 36. Rc7 Ra3+ 37. Ke4 Ra4+ 38. Kd5 Ba3 39.
Be5 Ra5+ 40. Ke4 Ra4+ 41. Kf3 Ke8 42. Bf6 Bd6 43. Rb7 Rf4+ 44. Kg2 Bc5 45. Rb8+
Kd7 46. f3 Ra4 47. Rd8+ Ke6 48. Re8+ Kd7 49. Re2 Rc4 50. Be5 Rc1 51. f4 Rg1+
52. Kf3 Rh1 53. Ke4 Ke6 54. Rc2 Re1+ 55. Kd3 Kd5 56. Rh2 Re3+ 57. Kd2 Ke4 58.
h4 Ra3 59. Rh1 Be3+ 60. Kc2 Bxf4 61. Bf6 Bg3 62. h5 gxh5 63. Rxh5 Ra2+ 64. Kd1
Rh2 65. Rxh2 Bxh2 66. Ke2 Bf4 67. Kf2 Kf5 68. Kf3 Bxg5 69. Bc3 h5 70. Be1 h4
71. Bc3 Bf4 72. Kg2 Kg4 73. Bd4 Bg3 74. Bf6 h3+ 75. Kh1 Bh4 76. Bd4 f5 77. Bc5
f4 78. Bd6 f3 79. Bc5 Be7 80. Ba7 Bd6 81. Bd4 Kf4 82. Bb6 Ke4 83. Ba7 Kd3 84.
Bf2 Ke2 0-1

[Event "EUR-ch U14 w"]
[Site "Batumi GEO"]
[Date "2014.10.24"]
[Round "6"]
[White "Gharibyan, Mane"]
[Black "Broly, Mathilde"]
[Result "0-1"]
[WhiteElo "1617"]
[BlackElo "1824"]
[PlyCount "106"]
[EventDate "2014.10.19"]
[EventType "swiss"]
[EventRounds "9"]
[EventCountry "CAN"]
[Source "Chessbase"]
[SourceDate "2015.02.06"]

1. e4 e5 2. Nf3 Nc6 3. Bb5 a6 4. Ba4 Nf6 5. O-O Be7 6. Re1 b5 7. Bb3 d6 8. c3
O-O 9. h3 Na5 10. Bc2 d5 11. exd5 e4 12. Bxe4 Nxe4 13. Rxe4 Bb7 14. d4 Bxd5 15.
Re1 Re8 16. Nbd2 Bd6 17. a4 b4 18. Rxe8+ Qxe8 19. Nf1 Nb3 20. Rb1 Be4 21. Qxb3
Bxb1 22. cxb4 Qc6 23. Bd2 Bc2 24. Qc3 Qxa4 25. Ne3 Bb3 26. d5 f6 27. Nd4 Qa1+
28. Be1 Ba4 29. Nc4 Re8 30. Ne6 Bd7 31. Nxd6 cxd6 32. Qe3 Qd1 33. Qd2 Qxd2 34.
Bxd2 Bxe6 35. dxe6 Rxe6 36. Bc3 Kf7 37. Kh2 Ke7 38. Kg3 Kd7 39. f4 Kc6 40. Kf3
g6 41. g4 f5 42. Kg3 Kd5 43. Kh4 Ke4 44. Kg5 h6+ 45. Kxh6 fxg4 46. hxg4 Kxf4
47. g5 Kf5 48. Bd4 Re4 49. Bf6 Rxb4 50. Be7 Rb6 51. Bf8 d5 52. Bg7 Rb4 53. Bc3
Rc4 0-1

[Event "EUR-ch U14 w"]
[Site "Batumi GEO"]
[Date "2014.10.24"]
[Round "6"]
[White "Gorovenko, Darya"]
[Black "Avetisyan, Mariam"]
[Result "1/2-1/2"]
[WhiteElo "2033"]
[BlackElo "1787"]
[PlyCount "104"]
[EventDate "2014.10.19"]
[EventType "swiss"]
[EventRounds "9"]
[EventCountry "CAN"]
[Source "Chessbase"]
[SourceDate "2015.02.06"]

1. d4 d5 2. Nf3 Nf6 3. c4 dxc4 4. e3 e6 5. Bxc4 a6 6. O-O b5 7. Bd3 Bb7 8. a4
b4 9. Qe2 Nbd7 10. Rd1 c5 11. dxc5 Bxc5 12. Nbd2 O-O 13. Nb3 Qe7 14. Bd2 a5 15.
Be1 Rfd8 16. Rac1 Bb6 17. Bb5 e5 18. Bc6 Ba6 19. Bb5 Bb7 20. Bc6 Ba6 21. Qc2
Rac8 22. Qf5 g6 23. Qh3 h5 24. Ng5 Nc5 25. Nxc5 Bxc5 26. Rxd8+ Rxd8 27. Qf3 Kg7
28. h3 Qd6 29. Bb7 Bxb7 30. Qxb7 Rd7 31. Qb5 Rc7 32. Qe2 e4 33. f3 Qe5 34. Nxe4
Nxe4 35. fxe4 Qxe4 36. Bf2 Qe8 37. b3 Qe7 38. Rc4 Bb6 39. e4 Bxf2+ 40. Kxf2
Qf6+ 41. Kg1 Qa1+ 42. Kf2 Re7 43. Qd2 Kh7 44. g4 Re6 45. Qe2 Qh1 46. Kg3 Qg1+
47. Kh4 hxg4 48. hxg4 Re5 49. Kh3 Qh1+ 50. Kg3 Qg1+ 51. Qg2 Qxg2+ 52. Kxg2 f5
1/2-1/2

[Event "EUR-ch U14 w"]
[Site "Batumi GEO"]
[Date "2014.10.24"]
[Round "6"]
[White "Grigoryan, Arpine"]
[Black "Hasanzada, Ulkar"]
[Result "1-0"]
[WhiteElo "1793"]
[BlackElo "1603"]
[PlyCount "61"]
[EventDate "2014.10.19"]
[EventType "swiss"]
[EventRounds "9"]
[EventCountry "CAN"]
[Source "Chessbase"]
[SourceDate "2015.02.06"]

1. e4 c6 2. d4 d5 3. Nd2 dxe4 4. Nxe4 Nd7 5. Nf3 Ngf6 6. Nxf6+ Nxf6 7. g3 g6 8.
Bg2 Bg7 9. O-O O-O 10. c3 Bf5 11. Qe2 Re8 12. b3 Qb6 13. h3 Rad8 14. Bb2 h6 15.
Ne5 Nd7 16. Nc4 Qc7 17. g4 Be6 18. f4 Bxc4 19. Qxc4 Nb6 20. Qe2 c5 21. f5 cxd4
22. fxg6 fxg6 23. Qe6+ Kh8 24. cxd4 Rd6 25. Qe4 e5 26. dxe5 Qc5+ 27. Kh1 Rd2
28. Qxg6 Rxg2 29. Qxe8+ Kh7 30. Kxg2 Qd5+ 31. Rf3 1-0